000 00743nam a22002897a 4500
005 20250806120955.0
008 180315b xxu||||| |||| 00| 0 spa d
020 _a9789930519714
041 _aESP
082 _aCR 861.4 S127g2
100 _aSáenz Elizondo, Carlos Luis
245 _aEl gato tiempo
250 _a2 edición
260 _aCosta Rica
260 _bEditorial Costa Rica
260 _c2017
300 _a116 páginas
300 _bIlustraciones a color
490 _aTEMÁTICA GENERAL
650 _aTEMÁTICA GENERAL
650 _aPOESÍA INFANTIL
650 _aPOESÍA COSTARRICENSE
650 _aLITERATURA INFANTIL
650 _aLITERATURA COSTARRICENSE
650 _aCOSTA RICA
942 _cLIT
_2ddc
999 _c10456
_d10456